[Event "CZE-chT2a 0607"]
[Site "Czech Republic"]
[Date "2007.02.25"]
[Round "8.6"]
[White "Hallerova, Eva"]
[Black "Koper, Stefan"]
[Result "1-0"]
[WhiteElo "2148"]
[BlackElo "2025"]
[PlyCount "111"]
[EventDate "2006.10.15"]
[EventType "team"]
[EventRounds "11"]
[EventCountry "CZE"]
[SourceTitle "EXT 2009"]
[Source "ChessBase"]
[SourceDate "2008.11.26"]
[SourceVersion "1"]
[SourceVersionDate "2008.11.26"]
[SourceQuality "1"]
[WhiteTeam "Plzen Letna"]
[BlackTeam "Praha Praga II"]
[WhiteTeamCountry "CZE"]
[BlackTeamCountry "CZE"]

1. c4 g6 2. Nc3 Bg7 3. g3 e5 4. Bg2 Nc6 5. Nf3 d6 6. 0-0 Nge7 7. Rb1 0-0 8. b4 Nd4 9. Nxd4 exd4 10. Nd5 c6 11. Nf4 h5 12. e4 dxe3 13. dxe3 Qc7 14. Qc2 Bf5 15. e4 Bd7 16. Rd1 Rfd8 17. Bb2 Be8 18. Bxg7 Kxg7 19. Qc3+ Kh7 20. Rd3 a5 21. a3 axb4 22. Qxb4 b5 23. cxb5 cxb5 24. Rc3 Qd7 25. Rd1 Ra4 26. Qb2 Qa7 27. Rcd3 b4 28. axb4 Qb6 29. Qf6 Ng8 30. Qc3 Ra2 31. R3d2 Rxd2 32. Qxd2 Rb8 33. Nd5 Qd8 34. Qd4 Bc6 35. Nc3 Qe8 36. Qxd6 Rc8 37. Nd5 Ba4 38. Rc1 Bb3 39. Ne3 Rb8 40. Rb1 Be6 41. Nd5 Rd8 42. Qc5 Rc8 43. Qe3 Qb5 44. Bf1 Qb7 45. b5 Bxd5 46. exd5 Qxd5 47. b6 Qa2 48. b7 Rb8 49. Qe5 Qa7 50. Bg2 Nh6 51. h3 f6 52. Qxf6 Qc5 53. Rd1 Qb5 54. Rd8 Qb1+ 55. Kh2 Ng8 56. Qf7+ 1-0

[Event "CZE-chT2a 0607"]
[Site "Czech Republic"]
[Date "2007.02.11"]
[Round "7.6"]
[White "Savkov, Frantisek"]
[Black "Hallerova, Eva"]
[Result "0-1"]
[WhiteElo "2121"]
[BlackElo "2148"]
[PlyCount "184"]
[EventDate "2006.10.15"]
[EventType "team"]
[EventRounds "11"]
[EventCountry "CZE"]
[SourceTitle "EXT 2009"]
[Source "ChessBase"]
[SourceDate "2008.11.26"]
[SourceVersion "1"]
[SourceVersionDate "2008.11.26"]
[SourceQuality "1"]
[WhiteTeam "Plzen IC"]
[BlackTeam "Plzen Letna"]
[WhiteTeamCountry "CZE"]
[BlackTeamCountry "CZE"]

1. d4 f5 2. c4 Nf6 3. Bg5 Ne4 4. h4 g6 5. Nd2 Nxg5 6. hxg5 Bg7 7. Ngf3 c5 8. e3 Qa5 9. Be2 cxd4 10. exd4 Nc6 11. Kf1 0-0 12. c5 d5 13. cxd6 exd6 14. Nc4 Qd8 15. Qb3 d5 16. Ne3 Be6 17. Qxb7 Qb6 18. Qxb6 axb6 19. Nc2 Rfc8 20. Bd3 Na5 21. Ke2 Nc4 22. b3 Nd6 23. Kd2 Ne4+ 24. Bxe4 dxe4 25. Ne5 Bxe5 26. dxe5 Rc5 27. Rhc1 Rxe5 28. Nd4 Bd5 29. g3 Re7 30. Ke3 Rd7 31. Rc3 Ra3 32. Rc8+ Kg7 33. Nb5 Ra5 34. Nd4 Rc5 35. Rc1 Rxc1 36. Rxc1 Kf7 37. Rc8 Ke7 38. a4 Bxb3 39. Rh8 Bxa4 40. Rxh7+ Kf8 41. Rh8+ Ke7 42. Ra8 b5 43. Rg8 Kf7 44. Rb8 Rd5 45. Rb7+ Kg8 46. Ra7 Rc5 47. Kf4 Rd5 48. Ne6 Bc2 49. Rg7+ Kh8 50. Rb7 Bd3 51. Nf8 Rd6 52. Ke5 Rc6 53. Nd7 Kg8 54. Nf6+ Kf8 55. Nd5 Bc4 56. Nf4 Ra6 57. g4 e3 58. fxe3 fxg4 59. Ng2 Bf1 60. Rb8+ Ke7 61. Nf4 g3 62. e4 g2 63. Nh3 Bd3 64. Rb7+ Kd8 65. Rf7 Ra1 66. Rf2 Bf1 67. Kf6 Ra6+ 68. Kf7 Ra3 69. Ng1 Re3 70. Rd2+ Kc7 71. Kxg6 Rxe4 72. Kh5 Kb6 73. g6 Re3 74. Kg4 Re4+ 75. Kg5 Re3 76. Kf4 Re7 77. Kf5 b4 78. Rd4 Kc5 79. Rd8 Bc4 80. Rd1 b3 81. Rd2 Bd5 82. Kf6 Re6+ 83. Kg5 Re1 84. g7 Re8 85. Rd1 Kc4 86. Nh3 b2 87. Kf4 Be4 88. g8Q+ Rxg8 89. Kxe4 Kc3 90. Ke3 Rg3+ 91. Kf2 Rxh3 92. Kxg2 Rd3 0-1

[Event "CZE-chT2a 0607"]
[Site "Czech Republic"]
[Date "2006.11.19"]
[Round "3.7"]
[White "Hallerova, Eva"]
[Black "Otruba, Pavel"]
[Result "1-0"]
[WhiteElo "2148"]
[BlackElo "2004"]
[PlyCount "117"]
[EventDate "2006.10.15"]
[EventType "team"]
[EventRounds "11"]
[EventCountry "CZE"]
[SourceTitle "EXT 2009"]
[Source "ChessBase"]
[SourceDate "2008.11.26"]
[SourceVersion "1"]
[SourceVersionDate "2008.11.26"]
[SourceQuality "1"]
[WhiteTeam "Plzen Letna"]
[BlackTeam "Praha Praga"]
[WhiteTeamCountry "CZE"]
[BlackTeamCountry "CZE"]

1. c4 e6 2. Nc3 d5 3. d4 Nf6 4. Nf3 c6 5. Bg5 Be7 6. e3 Nbd7 7. Be2 Ne4 8. Bxe7 Qxe7 9. 0-0 Nxc3 10. bxc3 dxc4 11. Bxc4 0-0 12. e4 e5 13. Qc2 exd4 14. cxd4 Nb6 15. Bb3 Be6 16. Rfe1 Bxb3 17. Qxb3 Kh8 18. a4 Rab8 19. a5 Nd7 20. Qc4 Rfc8 21. e5 Nf8 22. Nd2 Qe6 23. Rac1 Rd8 24. Ne4 Rd5 25. a6 bxa6 26. Qxc6 Rxd4 27. Nd6 h6 28. Qc7 Nd7 29. Nxf7+ Kg8 30. Nd8 Qf5 31. e6 Rb2 32. Qg3 Nf6 33. e7 Re4 34. h3 Rbe2 35. Rxe2 Rxe2 36. Nc6 Qe4 37. Qb3+ Kh7 38. Qb1 Qxb1 39. Rxb1 Re6 40. Nxa7 Rxe7 41. Nc6 Re6 42. Nd4 Rd6 43. Nf5 Rd5 44. g4 Rd7 45. Ra1 Ra7 46. Ra5 Ne8 47. Nd4 Nd6 48. Nc6 Ra8 49. Nb4 Nc4 50. Rxa6 Rxa6 51. Nxa6 g5 52. Kg2 Kg6 53. Nc7 Nb6 54. Kf3 Nd7 55. Nd5 Nc5 56. Ne7+ Kf7 57. Nf5 Kg6 58. Nd6 Kf6 59. Ne4+ 1-0

[Event "CZE-chT2J 0203"]
[Site "Czech Republic"]
[Date "2002.??.??"]
[Round "7"]
[White "Hallerova, Eva"]
[Black "Lukes, Ladislav"]
[Result "0-1"]
[WhiteElo "2152"]
[BlackElo "2143"]
[PlyCount "118"]
[EventDate "2002.10.??"]
[EventType "team"]
[EventRounds "11"]
[EventCountry "CZE"]
[SourceTitle "EXT 2007"]
[Source "ChessBase"]
[SourceDate "2006.11.23"]
[SourceVersion "1"]
[SourceVersionDate "2006.11.23"]
[SourceQuality "1"]

1. c4 Nf6 2. Nf3 c5 3. g3 d5 4. cxd5 Nxd5 5. Bg2 Nc6 6. 0-0 e6 7. Nc3 Nc7 8. d3 Be7 9. Be3 0-0 10. d4 cxd4 11. Nxd4 Nb4 12. Rc1 Ncd5 13. Nxd5 Nxd5 14. Nc2 Qa5 15. a3 Rd8 16. Qe1 Qa4 17. Bd4 Bd7 18. e4 Nf6 19. Qe3 Ng4 20. Qf3 e5 21. b3 Qb5 22. a4 Qa5 23. Bc3 Qc7 24. Nb4 Nf6 25. Nd5 Nxd5 26. exd5 Qd6 27. Qe2 f6 28. Rfe1 Bf8 29. Qe3 b6 30. Bb2 Rac8 31. Qe4 Qb4 32. Qxb4 Bxb4 33. Red1 Rxc1 34. Rxc1 Rc8 35. Kf1 Rxc1+ 36. Bxc1 Bf5 37. Ke2 Bc2 38. Bd2 Bxd2 39. Kxd2 Bxb3 40. a5 bxa5 41. Kc3 a4 42. d6 Kf7 43. Bc6 Ke6 44. d7 Ke7 45. Kb4 Be6 46. Bxa4 Bxd7 47. Bc2 h6 48. Ka5 Bc8 49. Kb5 Kd6 50. Bb3 e4 51. Bc2 Kd5 52. Bb3+ Kd4 53. Kc6 Ba6 54. Kd6 Bb5 55. Ke7 a5 56. Kf8 a4 57. Ba2 Bc4 58. Bb1 a3 59. Kxg7 Kc3 0-1

[Event "CZE-chTJ 0102"]
[Site "Czech Republic"]
[Date "2002.??.??"]
[Round "7"]
[White "Krutina, Ivan"]
[Black "Hallerova, Eva"]
[Result "1-0"]
[WhiteElo "2097"]
[BlackElo "2154"]
[PlyCount "69"]
[EventDate "2001.??.??"]
[EventType "team"]
[EventRounds "11"]
[EventCountry "CZE"]
[SourceTitle "EXT 2003"]
[Source "ChessBase"]
[SourceDate "2002.11.25"]
[SourceVersion "1"]
[SourceVersionDate "2002.11.25"]
[SourceQuality "1"]
[WhiteTeam "Praha Dukla II"]
[BlackTeam "Plzen Letna"]
[WhiteTeamCountry "CZE"]
[BlackTeamCountry "CZE"]

1. e4 Nf6 2. e5 Nd5 3. d4 d6 4. Nf3 Bg4 5. Be2 e6 6. h3 Bh5 7. exd6 Bxd6 8. Ne5 Bg6 9. c4 Nb4 10. Nxg6 hxg6 11. Nc3 a5 12. Bf3 c6 13. 0-0 0-0 14. a3 N4a6 15. d5 cxd5 16. cxd5 e5 17. Nb5 Nc7 18. Nxd6 Qxd6 19. Qb3 b5 20. Be3 Nba6 21. Rac1 Rab8 22. Rfd1 a4 23. Qd3 Ra8 24. Rc6 Qd7 25. d6 Ne6 26. Qxb5 e4 27. Bxe4 Nac7 28. Qd3 Ne8 29. Rb6 Rd8 30. Qa6 Nf6 31. Bc6 Qc8 32. Qxc8 Rxc8 33. d7 Rc7 34. Bxa4 Rd8 35. Rbd6 1-0

[Event "Schneider Bohemia op-A"]
[Site "Plzen"]
[Date "2000.??.??"]
[Round "?"]
[White "Ceplecha, Tomas"]
[Black "Hallerova, Eva"]
[Result "0-1"]
[WhiteElo "2005"]
[BlackElo "2150"]
[PlyCount "120"]
[EventDate "2000.??.??"]
[EventType "swiss"]
[EventRounds "9"]
[EventCountry "CZE"]
[SourceTitle "EXT 2003"]
[Source "ChessBase"]
[SourceDate "2002.11.25"]
[SourceVersion "1"]
[SourceVersionDate "2002.11.25"]
[SourceQuality "1"]

1. c4 g6 2. Nc3 Bg7 3. d4 f5 4. g3 Nf6 5. Bg2 0-0 6. Nf3 d6 7. 0-0 Nc6 8. Re1 e5 9. d5 Ne7 10. e4 a5 11. Rb1 h6 12. Nd2 f4 13. a3 Ng4 14. h3 fxg3 15. fxg3 Nf2 16. Qb3 Bxh3 17. Re2 Bxg2 18. Rxf2 Bh3 19. Qxb7 Qd7 20. Rxf8+ Rxf8 21. Qa7 Qg4 22. Qe3 h5 23. Kh2 Kh7 24. Qe2 Qd7 25. b4 axb4 26. axb4 Bh6 27. c5 h4 28. gxh4 Bf4+ 29. Kg1 Bg4 30. Qe1 Ng8 31. c6 Qc8 32. Nf1 Bf3 33. Bxf4 Rxf4 34. Nh2 Qh3 35. Rb2 Nf6 36. b5 Nxe4 37. Nxe4 Bxe4 38. b6 cxb6 39. c7 Bxd5 40. Rc2 Be6 41. Qc3 Qxc3 42. Rxc3 Bc8 43. Rg3 b5 44. Rd3 Rc4 45. Rd5 b4 46. Rb5 Rxc7 47. Rxb4 Kg7 48. Ng4 Bxg4 49. Rxg4 Kf6 50. Kf2 Rc3 51. Ke2 Rh3 52. Kf2 Rd3 53. Ke2 Rd4 54. Rg1 Rxh4 55. Ke3 Kf5 56. Rf1+ Rf4 57. Ra1 g5 58. Ra8 Kg4 59. Rg8 Ra4 60. Re8 e4 0-1

[Event "Schneider Bohemia op-A"]
[Site "Plzen"]
[Date "2000.??.??"]
[Round "?"]
[White "Hallerova, Eva"]
[Black "Priborsky, Jan"]
[Result "1/2-1/2"]
[WhiteElo "2150"]
[BlackElo "1940"]
[PlyCount "71"]
[EventDate "2000.??.??"]
[EventType "swiss"]
[EventRounds "9"]
[EventCountry "CZE"]
[SourceTitle "EXT 2003"]
[Source "ChessBase"]
[SourceDate "2002.11.25"]
[SourceVersion "1"]
[SourceVersionDate "2002.11.25"]
[SourceQuality "1"]

1. d4 Nf6 2. Nf3 g6 3. g3 Bg7 4. Bg2 0-0 5. 0-0 d5 6. c4 c6 7. Nc3 dxc4 8. a4 a5 9. e4 Bg4 10. Be3 Nbd7 11. h3 Bxf3 12. Bxf3 e6 13. Qe2 Nb6 14. Rad1 Qc7 15. Bf4 Qe7 16. h4 h5 17. Qe3 Qb4 18. Bh6 Nxa4 19. Bxg7 Kxg7 20. e5 Nd5 21. Nxd5 cxd5 22. Bxh5 Qe7 23. Be2 Nxb2 24. Rb1 Na4 25. Bd1 Qd7 26. h5 b5 27. Kg2 Rh8 28. hxg6 fxg6 29. Bc2 Rab8 30. Rh1 Rbf8 31. Rxh8 Rxh8 32. Qg5 Nc3 33. Qxg6+ Kf8 34. Qf6+ Kg8 35. Qg6+ Kf8 36. Qf6+ 1/2-1/2

[Event "CZE-chTJ 0001"]
[Site "Czech Republic"]
[Date "2000.??.??"]
[Round "6"]
[White "Stluka, Frantisek"]
[Black "Hallerova, Eva"]
[Result "1/2-1/2"]
[WhiteElo "2110"]
[BlackElo "2150"]
[PlyCount "46"]
[EventDate "2000.??.??"]
[EventType "team"]
[EventRounds "11"]
[EventCountry "CZE"]
[SourceTitle "EXT 2003"]
[Source "ChessBase"]
[SourceDate "2002.11.25"]
[SourceVersion "1"]
[SourceVersionDate "2002.11.25"]
[SourceQuality "1"]

1. d4 g6 2. c4 f5 3. g3 Bg7 4. Bg2 Nf6 5. Nh3 d6 6. d5 Nbd7 7. Nc3 a5 8. Nf4 Nc5 9. h4 Ng4 10. Qc2 Rb8 11. Rb1 e5 12. dxe6 Nxe6 13. Nxe6 Bxe6 14. b3 0-0 15. e3 c6 16. 0-0 g5 17. f3 Nh6 18. hxg5 Qxg5 19. Ne2 Rbe8 20. Kf2 Kh8 21. Rh1 Rg8 22. Nf4 Be5 23. Rh3 Bf7 1/2-1/2

[Event "Plzen op-C U18"]
[Site "Plzen"]
[Date "1998.??.??"]
[Round "1"]
[White "Hallerova, Eva"]
[Black "Sladek, Jaroslav"]
[Result "1/2-1/2"]
[WhiteElo "2145"]
[BlackElo "1870"]
[PlyCount "31"]
[EventDate "1998.08.??"]
[EventType "swiss"]
[EventRounds "9"]
[EventCountry "CZE"]
[SourceTitle "EXT 2000"]
[Source "ChessBase"]
[SourceDate "1999.11.16"]
[SourceVersion "1"]
[SourceVersionDate "1999.11.16"]
[SourceQuality "1"]

1. e4 d5 2. exd5 Nf6 3. d4 Qxd5 4. Nc3 Qa5 5. Bd3 Bg4 6. f3 Bh5 7. Nge2 c6 8. 0-0 Qc7 9. Bf4 Qd8 10. Bc4 e6 11. Bg5 Be7 12. Nf4 Bg6 13. Nxg6 hxg6 14. Qd2 Nbd7 15. Rfe1 Qc7 16. Bf4 1/2-1/2

[Event "Plzen op-C U18"]
[Site "Plzen"]
[Date "1998.??.??"]
[Round "9"]
[White "Jenc, Milan"]
[Black "Hallerova, Eva"]
[Result "1/2-1/2"]
[WhiteElo "1845"]
[BlackElo "2145"]
[PlyCount "28"]
[EventDate "1998.08.??"]
[EventType "swiss"]
[EventRounds "9"]
[EventCountry "CZE"]
[SourceTitle "EXT 2000"]
[Source "ChessBase"]
[SourceDate "1999.11.16"]
[SourceVersion "1"]
[SourceVersionDate "1999.11.16"]
[SourceQuality "1"]

1. e4 Nf6 2. e5 Nd5 3. d4 d6 4. Nf3 Bg4 5. Be2 e6 6. c4 Nb6 7. exd6 cxd6 8. Nc3 Be7 9. 0-0 0-0 10. Bf4 d5 11. c5 N6d7 12. b4 Nc6 13. b5 Na5 14. Rc1 Rc8 1/2-1/2

[Event "Plzen op-C U18"]
[Site "Plzen"]
[Date "1998.??.??"]
[Round "5"]
[White "Krischke, Arnold"]
[Black "Hallerova, Eva"]
[Result "1/2-1/2"]
[WhiteElo "2165"]
[BlackElo "2145"]
[PlyCount "23"]
[EventDate "1998.08.??"]
[EventType "swiss"]
[EventRounds "9"]
[EventCountry "CZE"]
[SourceTitle "EXT 2000"]
[Source "ChessBase"]
[SourceDate "1999.11.16"]
[SourceVersion "1"]
[SourceVersionDate "1999.11.16"]
[SourceQuality "1"]

1. c4 e5 2. Nc3 Nc6 3. Nf3 g6 4. d4 Bg7 5. dxe5 Nxe5 6. Nxe5 Bxe5 7. g3 d6 8. Bg2 Ne7 9. e4 Be6 10. Qe2 c6 11. 0-0 0-0 12. Be3 1/2-1/2

[Event "Plzen op-C U18"]
[Site "Plzen"]
[Date "1998.??.??"]
[Round "2"]
[White "Rybak, Milan"]
[Black "Hallerova, Eva"]
[Result "0-1"]
[WhiteElo "2280"]
[BlackElo "2145"]
[PlyCount "60"]
[EventDate "1998.08.??"]
[EventType "swiss"]
[EventRounds "9"]
[EventCountry "CZE"]
[SourceTitle "EXT 2000"]
[Source "ChessBase"]
[SourceDate "1999.11.16"]
[SourceVersion "1"]
[SourceVersionDate "1999.11.16"]
[SourceQuality "1"]

1. e4 Nf6 2. e5 Nd5 3. d4 d6 4. Nf3 Bg4 5. Be2 e6 6. 0-0 Be7 7. h3 Bh5 8. c4 Nb6 9. Nc3 0-0 10. Be3 Nc6 11. exd6 cxd6 12. d5 exd5 13. Nxd5 Nxd5 14. Qxd5 Bg6 15. Rad1 Bf6 16. b3 Nb4 17. Qd2 a5 18. Bf4 Re8 19. a3 Nc6 20. Bxd6 Qb6 21. b4 axb4 22. axb4 Rad8 23. b5 Nd4 24. Nxd4 Rxd6 25. c5 Qxc5 26. Nb3 Rxd2 27. Nxc5 Rexe2 28. Nxb7 Bd4 29. Rxd2 Rxd2 30. Rc1 h6 0-1

[Event "CZE-chT1a 9697"]
[Site "Czech Republic"]
[Date "1997.??.??"]
[Round "?"]
[White "Hlavac, Rudolf"]
[Black "Hallerova, Eva"]
[Result "1-0"]
[WhiteElo "2120"]
[BlackElo "2155"]
[PlyCount "73"]
[EventDate "1996.??.??"]
[EventType "team"]
[EventRounds "11"]
[EventCountry "CZE"]
[SourceTitle "EXT 1998"]
[Source "ChessBase"]
[SourceDate "1997.11.17"]
[SourceVersion "1"]
[SourceVersionDate "1997.11.17"]
[SourceQuality "1"]

1. e4 Nf6 2. e5 Nd5 3. c4 Nb6 4. d4 d6 5. exd6 cxd6 6. Nc3 g6 7. h3 Bg7 8. Nf3 0-0 9. Be2 Nc6 10. 0-0 e5 11. Be3 Bf5 12. d5 Ne7 13. Qd2 Re8 14. Rac1 Rc8 15. b3 Bd7 16. Bh6 Bh8 17. g4 f5 18. Ng5 a6 19. a4 Bg7 20. Bxg7 Kxg7 21. a5 Na8 22. b4 Ng8 23. gxf5 Bxf5 24. Bg4 Bxg4 25. hxg4 Nc7 26. c5 Rf8 27. cxd6 Rf4 28. Nce4 Rxg4+ 29. Kh2 Rxe4 30. Rxc7+ Rxc7 31. Ne6+ Kh8 32. Nxd8 Rcc4 33. Nf7+ Kg7 34. Nxe5 Rxe5 35. Qb2 Rce4 36. d7 Nf6 37. Qxe5 1-0